Krutý měsíc /
Krimithriller české autorky, zasazený do doby covidové pandemie.
Uloženo v:
| Hlavní autor: | |
|---|---|
| Další autoři: | , , |
| Médium: | E-audiokniha |
| Jazyk: | Czech |
| Vydáno: |
Praha :
Voxi,
2024
|
| Témata: | |
| Tagy: |
Žádné tagy |
| LEADER | 04394nim a2201033 i 4500 | ||
|---|---|---|---|
| 001 | 313377 | ||
| 003 | CZ PrSKC | ||
| 005 | 20260601215741.0 | ||
| 007 | sd fungnnmmned | ||
| 008 | 250128s2024 xr nnnng f n cze | ||
| 015 | |a cnb003668879 | ||
| 020 | |a 9788074482625 : |c Kč 399,00 | ||
| 040 | |a ABA001 |b cze |e rda | ||
| 072 | 7 | |a 821.162.3-3 |x Česká próza |2 Konspekt | |
| 080 | |a 821.162.3-31 |2 MRF | ||
| 080 | |a (0:82-312.4) |2 MRF | ||
| 080 | |a (086.7)08 |2 MRF | ||
| 080 | |a (086.76) |2 MRF | ||
| 100 | 1 | |a Jašová, Jana, |d 1968- |7 jo20000080723 |4 aut | |
| 245 | 1 | 0 | |a Krutý měsíc / |c Jana Jašová |
| 264 | 1 | |a Praha : |b Voxi, |c 2024 | |
| 300 | |a 2 audiodisky (14 hod., 3 min.) ; |c 12 cm | ||
| 306 | |a 140300 | ||
| 336 | |a mluvené slovo |b spw |2 rdacontent | ||
| 337 | |a audio |b s |2 rdamedia | ||
| 338 | |a audiodisk |b sd |2 rdacarrier | ||
| 344 | |a digital |b optical |2 rda | ||
| 347 | |a audio soubor |b MP3 |2 rda | ||
| 500 | |a Název z disku | ||
| 500 | |a Vydalo nakladatelství Voxi ve společnosti Albatros Media a.s. | ||
| 500 | |a Podle stejnojmenné knihy vydané nakladatelstvím Motto v roce 2023 | ||
| 500 | |a Nezkrácená audiokniha ve formátu MP3 na 2 CD | ||
| 508 | |a Režie, Jakub Tabery | ||
| 511 | 0 | |a Čtou Lenka Krobotová, Zdeňka Žádníková | |
| 518 | |o Nahráno |d 2024 |p studio 5Guests s.r.o. | ||
| 520 | 2 | |a Krimithriller české autorky, zasazený do doby covidové pandemie. |b Druhé covidové Velikonoce. Zemi svírají nejpřísnější epidemická pravidla včetně zákazu nočního vycházení. Přesto se Tamara uprostřed noci probudí v autě na lesní cestě. Je celá od krve a z posledních hodin si nic nepamatuje. Netuší, čí je ta krev, ani kam zmizel její čtrnáctiletý syn Ben. Vesnici v Lužických horách, kde trávila matka se synem sváteční víkend, posedne paranoia. Kam až vedou kořeny spletitého případu? A podaří se chlapce najít, než se po něm nadobro slehne zem? Nakladatelská anotace. | |
| 655 | 7 | |a české romány |7 fd133974 |2 czenas | |
| 655 | 7 | |a detektivní romány |7 fd132010 |2 czenas | |
| 655 | 7 | |a audioknihy |7 fd119452 |2 czenas | |
| 655 | 7 | |a kompaktní disky |7 fd201991 |2 czenas | |
| 655 | 9 | |a Czech fiction |2 eczenas | |
| 655 | 9 | |a detective novels |2 eczenas | |
| 655 | 9 | |a audiobooks |2 eczenas | |
| 655 | 9 | |a compact discs |2 eczenas | |
| 700 | 1 | |a Krobotová, Lenka, |d 1977- |7 xx0045421 |4 nrt | |
| 700 | 1 | |a Žádníková Volencová, Zdeňka, |d 1974- |7 xx0108279 |4 nrt | |
| 700 | 1 | |a Tabery, Jakub, |d 1974- |7 xx0196999 |4 drt | |
| 900 | |a ABA001 |b 19 | ||
| 928 | 9 | |a Albatros Media | |
| 044 | |a xr | ||
| 505 | 0 | 0 | |t 01_Škaredá středa (25 min., 59 sek.) |
| 505 | 0 | 0 | |t 02_Zelený čtvrtek (28 min., 13 sek.) |
| 505 | 0 | 0 | |t 03 (23 min., 26 sek.) |
| 505 | 0 | 0 | |t 04 (27 min., 58 sek.) |
| 505 | 0 | 0 | |t 05 (29 min., 13 sek.) |
| 505 | 0 | 0 | |t 06 (23 min., 36 sek.) |
| 505 | 0 | 0 | |t 07 (27 min., 58 sek.) |
| 505 | 0 | 0 | |t 08 (27 min., 38 sek.) |
| 505 | 0 | 0 | |t 09 (21 min., 33 sek.) |
| 505 | 0 | 0 | |t 10 (13 min., 26 sek.) |
| 505 | 0 | 0 | |t 11_Velký pátek (25 min., 42 sek.) |
| 505 | 0 | 0 | |t 12 (27 min., 38 sek.) |
| 505 | 0 | 0 | |t 13 (29 min., 29 sek.) |
| 505 | 0 | 0 | |t 14 (26 min., 0 sek.) |
| 505 | 0 | 0 | |t 15 (21 min., 30 sek.) |
| 505 | 0 | 0 | |t 16 (12 min., 34 sek.) |
| 505 | 0 | 0 | |t 17_Bílá sobota (29 min., 19 sek.) |
| 505 | 0 | 0 | |t 18 (27 min., 29 sek.) |
| 505 | 0 | 0 | |t 19 (15 min., 57 sek.) |
| 505 | 0 | 0 | |t 20 (19 min., 21 sek.) |
| 505 | 0 | 0 | |t 21 (27 min., 44 sek.) |
| 505 | 0 | 0 | |t 22 (22 min., 7 sek.) |
| 505 | 0 | 0 | |t 23 (27 min., 24 sek.) |
| 505 | 0 | 0 | |t 24_Neděle zmrtvýchvstání (23 min., 48 sek.) |
| 505 | 0 | 0 | |t 25 (24 min., 55 sek.) |
| 505 | 0 | 0 | |t 26 (29 min., 32 sek.) |
| 505 | 0 | 0 | |t 27 (26 min., 18 sek.) |
| 505 | 0 | 0 | |t 28 (20 min., 54 sek.) |
| 505 | 0 | 0 | |t 29 (18 min., 10 sek.) |
| 505 | 0 | 0 | |t 30 (29 min., 12 sek.) |
| 505 | 0 | 0 | |t 31 (27 min., 1 sek.) |
| 505 | 0 | 0 | |t 32 (5 min., 55 sek.) |
| 505 | 0 | 0 | |t 33_Pondělí velikonoční (28 min., 25 sek.) |
| 505 | 0 | 0 | |t 34 (24 min., 2 sek.) |
| 505 | 0 | 0 | |t 35 (10 min., 14 sek.) |
| 505 | 0 | 0 | |t 36_Epilog (13 min., 11 sek.) |
| 910 | |a RBIT002 | ||
| 998 | |d 415830 |a https://core.palmknihy.cz/api/books/415830/cover?sn9y7q |b https://core.palmknihy.cz/api/books/415830/cover/400?sn9y7q |c https://core.palmknihy.cz/api/books/415830/cover/50?sn9y7q |e 2033-12-31 |i 9788074482625 |l 50580 |q 49 |r 1 |s https://www.palmknihy.cz/kniha/415830 |t audiobook |y 2024 |z 0 | ||
| 999 | |d 313375 | ||